El derecho de habitación del cónyuge supérstite (Record no. 135795)

MARC details
000 -LEADER
fixed length control field 00712cam a2200193 4500
005 - DATE AND TIME OF LATEST TRANSACTION
control field 20251006133150.0
008 - FIXED-LENGTH DATA ELEMENTS--GENERAL INFORMATION
fixed length control field 251006b ag |||||||| |||| 00| 0 spa d
050 04 - LIBRARY OF CONGRESS CALL NUMBER
Classification number KHA697
Item number B37 1977
100 1# - MAIN ENTRY--PERSONAL NAME
Personal name Barbero, Omar U.
245 #3 - TITLE STATEMENT
Title El derecho de habitación del cónyuge supérstite
Statement of responsibility, etc / Omar U. Barbero ; prólogo de Santiago C. Fassi
250 ## - EDITION STATEMENT
Edition statement 1a ed.
260 ## - PUBLICATION, DISTRIBUTION, ETC. (IMPRINT)
Place of publication, distribution, etc Buenos Aires :
Name of publisher, distributor, etc Astrea de Alfredo y Ricardo Depalma,
Date of publication, distribution, etc 1977
300 ## - PHYSICAL DESCRIPTION
Extent xvi ;178 p. ;
Dimensions 20 cm.
504 ## - BIBLIOGRAPHY, ETC. NOTE
Bibliography, etc Incluye apéndice, bibliografía : p. 173-174
650 #4 - SUBJECT ADDED ENTRY--TOPICAL TERM
Topical term or geographic name as entry element Derechos del cónyuge supérstite
Geographic subdivision Argentina
650 #7 - SUBJECT ADDED ENTRY--TOPICAL TERM
Source of heading or term lemb
Topical term or geographic name as entry element Derecho sucesorio
Geographic subdivision Argentina
700 1# - ADDED ENTRY--PERSONAL NAME
Personal name Fassi, Santiago C.,
Relator term próloguista
942 ## - ADDED ENTRY ELEMENTS (KOHA)
Source of classification or shelving scheme Biblioteca del Cogreso de los Estados Unidos
Koha item type Libro
Holdings
Estado de pérdida Fuente de clasificación Estado del daño No para préstamo Ubicación permanente Ubicación actual Apartado o colección Fecha de adquisición Edición Área del conocimiento Clasificación Código de Barras Date last seen Número de copia Costo por reposición Tipo de recurso
  Biblioteca del Cogreso de los Estados Unidos     Biblioteca de la Facultad de Derecho y Ciencias Sociales "Felipe J. Tena" Biblioteca de la Facultad de Derecho y Ciencias Sociales "Felipe J. Tena" General 12/02/2020 1a ed. Ciencias Sociales y Administrativas KHA697 B37 1977 BFD000012186 12/02/2020 1 1.00 Libro